000
00234nam a2200097Ia 4500
001
977373
005
20250826220725.0
008
250824s9999 xx 000 0 und d
245
0
_a
SEN ONA AŞIKSIN
_c
YUNUS ORAN
260
_b
HAYY YAYINLARI
999
_c
977373
_d
977373